00535 2200193 4500001002100000005001500021008004100036020002200077035001900099041000700118082000800125090001400133100002500147245007900172260003300251300003000284500000600314650002100320INLIS00000000000229220241224112518241224||||||||| | ||| |||| || |  a978-602-8454-44-5 0010-1224002292 aid0 a602 a602 DAN b0 aDanang Irawan Sopyan00aBenar - Benar Unik Tapi Nyata: 1100 ++ Fakta Unik dan Menakjubkan di Dunia aJakartabMedia Pusindoc2012 ax, 222 hlm.; ilus.: 24 cm a1 0aIlmu Pengetahuan